[Event "Las Vegas National op"]
[Site "Las Vegas"]
[Date "2022.06.09"]
[Round "2"]
[White "Maiti, Milind"]
[Black "Altucher, James"]
[Result "0-1"]
[WhiteElo "2310"]
[BlackElo "1817"]
[PlyCount "80"]
[EventDate "2022.06.08"]
[EventType "swiss"]
[EventRounds "9"]
[EventCountry "USA"]
[SourceTitle "CBM 208 Extra"]
[Source "ChessBase"]
[SourceDate "2022.07.31"]
[SourceVersion "1"]
[SourceVersionDate "2022.07.31"]
[SourceQuality "1"]

1. d4 g6 2. c4 Bg7 3. e4 d6 4. Nc3 Nf6 5. Nf3 0-0 6. Be2 e5 7. 0-0 Nc6 8. d5 Ne7 9. b4 Ne8 10. c5 f5 11. Nd2 Nf6 12. f3 Bh6 13. Ba3 Be3+ 14. Kh1 f4 15. Nc4 Bd4 16. Rc1 Nh5 17. h3 Ng3+ 18. Kh2 Nxf1+ 19. Qxf1 Bxc3 20. Rxc3 b5 21. Na5 a6 22. Bc1 g5 23. Bd2 h5 24. Be1 Kh8 25. Bf2 Rg8 26. Qd1 Rg7 27. Kh1 Ng8 28. cxd6 cxd6 29. Rc6 Rb8 30. a4 Nh6 31. axb5 axb5 32. Bc5 Nf7 33. Ba7 Ra8 34. Bb6 Qf6 35. Qc1 Rg8 36. Rc7 g4 37. fxg4 hxg4 38. h4 Qxh4+ 39. Kg1 Ng5 40. Qxf4 Nh3+ 0-1

[Event "Titled Tuesday intern op 15th Feb Early"]
[Site "Chess.com INT"]
[Date "2022.02.15"]
[Round "2"]
[White "Altucher, James"]
[Black "Golizadeh, Asghar"]
[Result "0-1"]
[WhiteElo "1830"]
[BlackElo "2455"]
[PlyCount "86"]
[EventDate "2022.02.15"]
[EventType "swiss (blitz)"]
[EventRounds "11"]
[EventCountry "USA"]
[SourceTitle "CBM 206 Extra"]
[Source "ChessBase"]
[SourceDate "2022.03.31"]
[SourceVersion "1"]
[SourceVersionDate "2022.03.31"]
[SourceQuality "1"]

1. e4 c5 2. Nf3 e6 3. d3 Nf6 4. g3 d5 5. Nbd2 Nc6 6. Bg2 Be7 7. 0-0 0-0 8. Re1 b5 9. e5 Nd7 10. Nf1 Bb7 11. h4 a5 12. Bf4 a4 13. h5 b4 14. N1h2 c4 15. a3 c3 16. bxc3 bxc3 17. Ng4 Rb8 18. Qe2 Ba6 19. Rab1 Rxb1 20. Rxb1 Bxa3 21. Ng5 Bb2 22. Be4 Nd4 23. Bxh7+ Kh8 24. Qe3 Nxc2 25. Qf3 Nd4 26. Qh1 Ne2+ 27. Kf1 Nxf4 28. gxf4 c2 29. Re1 c1Q 30. Rxc1 Bxc1 31. Bg6 Bxf4 32. h6 Bxd3+ 33. Bxd3 g6 34. Nf3 a3 35. Kg2 a2 36. h7 Qc7 37. Qa1 Ra8 38. Nh4 Bxe5 39. Bxg6 Bxa1 40. Bxf7 Kxh7 41. Bg6+ Kg7 42. Nf3 Bf6 43. Bd3 a1Q 0-1

[Event "Titled Tuesday intern op 15th Feb Early"]
[Site "Chess.com INT"]
[Date "2022.02.15"]
[Round "3"]
[White "Avazkhonov, Alikhon"]
[Black "Altucher, James"]
[Result "1-0"]
[WhiteElo "1538"]
[BlackElo "1830"]
[PlyCount "59"]
[EventDate "2022.02.15"]
[EventType "swiss (blitz)"]
[EventRounds "11"]
[EventCountry "USA"]
[SourceTitle "CBM 206 Extra"]
[Source "ChessBase"]
[SourceDate "2022.03.31"]
[SourceVersion "1"]
[SourceVersionDate "2022.03.31"]
[SourceQuality "1"]

1. c4 g6 2. Nc3 Bg7 3. g3 Nf6 4. Bg2 0-0 5. e4 d6 6. Nge2 c6 7. 0-0 Qa5 8. d3 Qh5 9. f4 Bh3 10. Bxh3 Qxh3 11. Rf2 Ng4 12. Rg2 Nd7 13. Kh1 f5 14. Ng1 Qh5 15. Nf3 Bxc3 16. bxc3 e5 17. Qe2 Rae8 18. fxe5 Ndxe5 19. Nxe5 Rxe5 20. Bf4 Ree8 21. Bxd6 Rf6 22. Bc5 fxe4 23. Bd4 Rfe6 24. Rf1 exd3 25. Qf3 R6e7 26. Qxd3 Re1 27. Qf3 Rxf1+ 28. Qxf1 Rf8 29. Qb1 Qg5 30. h3 1-0

[Event "Titled Tuesday intern op 15th Feb Early"]
[Site "Chess.com INT"]
[Date "2022.02.15"]
[Round "5"]
[White "Bintang, Rasyid A Hidayat"]
[Black "Altucher, James"]
[Result "1-0"]
[WhiteElo "1820"]
[BlackElo "1830"]
[PlyCount "41"]
[EventDate "2022.02.15"]
[EventType "swiss (blitz)"]
[EventRounds "11"]
[EventCountry "USA"]
[SourceTitle "CBM 206 Extra"]
[Source "ChessBase"]
[SourceDate "2022.03.31"]
[SourceVersion "1"]
[SourceVersionDate "2022.03.31"]
[SourceQuality "1"]

1. d4 Nf6 2. Bf4 g6 3. Nc3 d6 4. e4 Bg7 5. Qd2 0-0 6. 0-0-0 Nc6 7. Nf3 Bg4 8. d5 Bxf3 9. gxf3 Ne5 10. Be2 Nfd7 11. Bh6 c6 12. h4 cxd5 13. Nxd5 e6 14. Nc3 Qa5 15. h5 Nf6 16. hxg6 fxg6 17. Bxg7 Kxg7 18. Qh6+ Kg8 19. Rdg1 Rac8 20. f4 Nf7 21. Rxg6+ 1-0

[Event "Titled Tuesday intern op 15th Feb Early"]
[Site "Chess.com INT"]
[Date "2022.02.15"]
[Round "7"]
[White "Desideri, Ricardo Maruchi"]
[Black "Altucher, James"]
[Result "1/2-1/2"]
[WhiteElo "1939"]
[BlackElo "1830"]
[PlyCount "97"]
[EventDate "2022.02.15"]
[EventType "swiss (blitz)"]
[EventRounds "11"]
[EventCountry "USA"]
[SourceTitle "CBM 206 Extra"]
[Source "ChessBase"]
[SourceDate "2022.03.31"]
[SourceVersion "1"]
[SourceVersionDate "2022.03.31"]
[SourceQuality "1"]

1. e4 g6 2. d4 Bg7 3. c4 d6 4. Nc3 Nf6 5. f3 0-0 6. Be3 c5 7. d5 e6 8. Nge2 exd5 9. cxd5 a6 10. Ng3 b5 11. a3 h5 12. Be2 h4 13. Nf1 Nbd7 14. Nd2 Ne5 15. 0-0 h3 16. g3 Rb8 17. b4 c4 18. Qc2 Nh5 19. f4 Ng4 20. Bxg4 Bxg4 21. Nf3 f5 22. Ng5 Qf6 23. Ne2 fxe4 24. Bd4 Qf5 25. Bxg7 Nxg7 26. Nd4 Qf6 27. Nc6 Rbe8 28. Nxe4 Qf5 29. Rae1 Qh5 30. Qd2 Nf5 31. Nf6+ Rxf6 32. Rxe8+ Kf7 33. Rfe1 Kg7 34. Qf2 Bf3 35. Qa7+ Rf7 36. Qb8 Bxd5 37. Rg8+ Kh6 38. Rh8+ Rh7 39. Qf8+ Ng7 40. Rxh7+ Kxh7 41. Re7 Qd1+ 42. Kf2 Qd2+ 43. Re2 Qd3 44. Re3 Qc2+ 45. Re2 Qc3 46. Re3 Qd2+ 47. Re2 Qd3 48. Re3 Qd2+ 49. Re2 1/2-1/2

[Event "Titled Tuesday intern op 15th Feb Early"]
[Site "Chess.com INT"]
[Date "2022.02.15"]
[Round "9"]
[White "Kejzar, Petra"]
[Black "Altucher, James"]
[Result "1-0"]
[WhiteElo "2031"]
[BlackElo "1830"]
[PlyCount "59"]
[EventDate "2022.02.15"]
[EventType "swiss (blitz)"]
[EventRounds "11"]
[EventCountry "USA"]
[SourceTitle "CBM 206 Extra"]
[Source "ChessBase"]
[SourceDate "2022.03.31"]
[SourceVersion "1"]
[SourceVersionDate "2022.03.31"]
[SourceQuality "1"]

1. e4 g6 2. d4 d6 3. Nf3 Bg7 4. Be3 a6 5. Nc3 b5 6. Bd3 Bb7 7. Qd2 Nd7 8. g4 c5 9. h4 c4 10. Be2 b4 11. Nd5 Bxd5 12. exd5 Ngf6 13. Bxc4 Nxg4 14. h5 Nxe3 15. fxe3 Qc7 16. Bb3 a5 17. a4 0-0 18. 0-0-0 Nb6 19. hxg6 fxg6 20. Ng5 Nc4 21. Qh2 h6 22. Ne6 Qc8 23. Nxg7 Nxe3 24. Qxh6 Rf6 25. Rde1 Ng4 26. Qh7+ Kf7 27. Ne6+ Ke8 28. Qg7 Kd7 29. Nc5+ dxc5 30. Qxe7# 1-0

[Event "Titled Tuesday intern op 18th Jan"]
[Site "Chess.com INT"]
[Date "2022.01.18"]
[Round "10"]
[White "Altucher, James"]
[Black "Li, Hui"]
[Result "0-1"]
[WhiteElo "1834"]
[BlackElo "1967"]
[PlyCount "48"]
[EventDate "2022.01.18"]
[EventType "swiss (blitz)"]
[EventRounds "11"]
[EventCountry "USA"]
[SourceTitle "CBM 206 Extra"]
[Source "ChessBase"]
[SourceDate "2022.03.31"]
[SourceVersion "1"]
[SourceVersionDate "2022.03.31"]
[SourceQuality "1"]

1. e4 e5 2. Bc4 Nf6 3. d3 c6 4. Bb3 d5 5. Nf3 Bd6 6. Bg5 dxe4 7. dxe4 0-0 8. h3 Qe7 9. 0-0 Na6 10. c3 Nc5 11. Bc2 h6 12. Bh4 Rd8 13. Qe2 Ne6 14. Bg3 Nh5 15. Bh2 Nhf4 16. Qe1 b6 17. Nbd2 Ba6 18. Qe3 Bxf1 19. Nxf1 Bc5 20. Qe1 Qf6 21. Ng3 Nxh3+ 22. gxh3 Qxf3 23. Nf5 Nf4 24. Qf1 Nxh3+ 0-1

[Event "Titled Tuesday intern op 18th Jan"]
[Site "Chess.com INT"]
[Date "2022.01.18"]
[Round "8"]
[White "Belenkaya, Dina"]
[Black "Altucher, James"]
[Result "1-0"]
[WhiteElo "2277"]
[BlackElo "1834"]
[PlyCount "105"]
[EventDate "2022.01.18"]
[EventType "swiss (blitz)"]
[EventRounds "11"]
[EventCountry "USA"]
[SourceTitle "CBM 206 Extra"]
[Source "ChessBase"]
[SourceDate "2022.03.31"]
[SourceVersion "1"]
[SourceVersionDate "2022.03.31"]
[SourceQuality "1"]

1. Nf3 g6 2. g3 d6 3. Bg2 Bg7 4. d3 Nf6 5. e4 0-0 6. Nbd2 c5 7. 0-0 Nc6 8. Re1 a6 9. Nf1 Rb8 10. Ne3 b5 11. h4 h5 12. Ng5 Qc7 13. f4 Ng4 14. Nd5 Qd8 15. f5 Bd4+ 16. Ne3 b4 17. Qf3 Nce5 18. Qf1 Qb6 19. Kh1 c4 20. Nd5 Qd8 21. Nh3 e6 22. Ndf4 exf5 23. exf5 Bxf5 24. Nxh5 cxd3 25. Qf4 Qb6 26. Be4 Bxe4+ 27. Rxe4 dxc2 28. Rxd4 Qc6+ 29. Qe4 Qxe4+ 30. Rxe4 gxh5 31. Kg2 f5 32. Rd4 Rfd8 33. Nf4 Kf7 34. Nxh5 Ke6 35. Nf4+ Kf6 36. Nd5+ Ke6 37. Bg5 Rdc8 38. Nf4+ Kf7 39. Nd3 Nc4 40. b3 Nce3+ 41. Bxe3 Nxe3+ 42. Kf3 Nd1 43. Rc1 Rc3 44. Ke2 Re8+ 45. Kd2 Ne3 46. Rxd6 a5 47. Rd7+ Ke6 48. Rd4 a4 49. Nf4+ Ke5 50. Rd3 axb3 51. axb3 Rxd3+ 52. Nxd3+ Kd4 53. Nxb4 1-0

[Event "Titled Tuesday intern op 18th Jan"]
[Site "Chess.com INT"]
[Date "2022.01.18"]
[Round "6"]
[White "Boraso, Alessio"]
[Black "Altucher, James"]
[Result "0-1"]
[WhiteElo "2286"]
[BlackElo "1834"]
[PlyCount "60"]
[EventDate "2022.01.18"]
[EventType "swiss (blitz)"]
[EventRounds "11"]
[EventCountry "USA"]
[SourceTitle "CBM 206 Extra"]
[Source "ChessBase"]
[SourceDate "2022.03.31"]
[SourceVersion "1"]
[SourceVersionDate "2022.03.31"]
[SourceQuality "1"]

1. e4 g6 2. d4 d6 3. c4 Bg7 4. Nc3 Nf6 5. f4 0-0 6. Nf3 a6 7. a4 b6 8. Bd3 c5 9. d5 e6 10. 0-0 exd5 11. cxd5 Nbd7 12. Qe1 Re8 13. Qh4 Nh5 14. Qf2 c4 15. Bxc4 Nc5 16. Re1 Nf6 17. Nd2 Ng4 18. Qg3 Bd4+ 19. Kf1 Bf2 20. Qxf2 Nxf2 21. Kxf2 Qh4+ 22. Kf1 Qxh2 23. Nf3 Qg3 24. b4 Bh3 25. Ra2 Qxf3+ 26. Rf2 Bxg2+ 27. Kg1 Qxc3 28. Bd2 Qxc4 29. bxc5 Bxe4 30. cxd6 Qxd5 0-1

[Event "Titled Tuesday intern op 18th Jan"]
[Site "Chess.com INT"]
[Date "2022.01.18"]
[Round "1"]
[White "Hardaway, Brewington"]
[Black "Altucher, James"]
[Result "1-0"]
[WhiteElo "2169"]
[BlackElo "1834"]
[PlyCount "39"]
[EventDate "2022.01.18"]
[EventType "swiss (blitz)"]
[EventRounds "11"]
[EventCountry "USA"]
[SourceTitle "CBM 206 Extra"]
[Source "ChessBase"]
[SourceDate "2022.03.31"]
[SourceVersion "1"]
[SourceVersionDate "2022.03.31"]
[SourceQuality "1"]

1. d4 g6 2. e4 Bg7 3. Nf3 d6 4. Nc3 a6 5. Be3 b5 6. a4 b4 7. Nd5 a5 8. c3 e6 9. Nf4 bxc3 10. bxc3 Bb7 11. d5 e5 12. Nd3 f5 13. Ng5 Bc8 14. exf5 Bxf5 15. Qb3 Nf6 16. Ne6 Bxe6 17. dxe6 d5 18. Nxe5 0-0 19. Qb7 Na6 20. Bxa6 1-0

[Event "Titled Tuesday intern op 21st Dec"]
[Site "Chess.com INT"]
[Date "2021.12.21"]
[Round "9"]
[White "Altucher, James"]
[Black "Castillo Sevilla, Ian Eiffel"]
[Result "0-1"]
[WhiteElo "1839"]
[BlackElo "2032"]
[PlyCount "104"]
[EventDate "2021.12.21"]
[EventType "swiss (blitz)"]
[EventRounds "11"]
[EventCountry "USA"]
[SourceTitle "CBM 205 Extra"]
[Source "ChessBase"]
[SourceDate "2022.01.31"]
[SourceVersion "1"]
[SourceVersionDate "2022.01.31"]
[SourceQuality "1"]

1. d4 Nf6 2. Nf3 e6 3. e3 b6 4. Bd3 Bb7 5. 0-0 Be7 6. b3 0-0 7. Bb2 c5 8. Nbd2 Nc6 9. a3 Qc7 10. c4 Rac8 11. Rc1 Rfd8 12. Re1 cxd4 13. exd4 d5 14. Ne5 dxc4 15. Ndxc4 Qb8 16. Re3 b5 17. Nxc6 Rxc6 18. Ne5 Rxc1 19. Qxc1 b4 20. a4 Bd5 21. Qd1 Qb7 22. Rg3 Be4 23. f3 Bxd3 24. Qxd3 Qd5 25. Rg5 h6 26. Rg3 Qxe5 27. dxe5 Rxd3 28. exf6 Bc5+ 29. Kf1 g6 30. Be5 Rxb3 31. f4 Rxg3 32. hxg3 a6 33. Ke2 g5 34. Kd3 Kh7 35. Kc4 Bf8 36. a5 Kg6 37. fxg5 hxg5 38. g4 Kh6 39. Bb2 Kg6 40. Kb3 Bd6 41. Bd4 e5 42. Be3 Kxf6 43. Bd2 Ke6 44. Bxb4 Bxb4 45. Kxb4 Kd5 46. Kc3 e4 47. Kd2 Kd4 48. Ke2 e3 49. g3 Ke4 50. Ke1 Kf3 51. Kf1 e2+ 52. Ke1 f6 0-1

[Event "Titled Tuesday intern op 21st Dec"]
[Site "Chess.com INT"]
[Date "2021.12.21"]
[Round "6"]
[White "Altucher, James"]
[Black "Weber, Samuel"]
[Result "0-1"]
[WhiteElo "1839"]
[BlackElo "2250"]
[PlyCount "40"]
[EventDate "2021.12.21"]
[EventType "swiss (blitz)"]
[EventRounds "11"]
[EventCountry "USA"]
[SourceTitle "CBM 205 Extra"]
[Source "ChessBase"]
[SourceDate "2022.01.31"]
[SourceVersion "1"]
[SourceVersionDate "2022.01.31"]
[SourceQuality "1"]

1. d4 d5 2. Nf3 Nf6 3. e3 e6 4. Bd3 Be7 5. 0-0 0-0 6. Nbd2 c5 7. b3 Nc6 8. Bb2 b6 9. Ne5 Bb7 10. f4 Bd6 11. Rf3 Ne7 12. Rh3 Ne4 13. Qh5 h6 14. Ndf3 Nf5 15. g4 Nxe3 16. g5 Nf5 17. Ng4 Bxf4 18. dxc5 Nxg5 19. Bxf5 Nxh3+ 20. Qxh3 exf5 0-1

[Event "Titled Tuesday intern op 21st Dec"]
[Site "Chess.com INT"]
[Date "2021.12.21"]
[Round "10"]
[White "Balkum, Alexander"]
[Black "Altucher, James"]
[Result "0-1"]
[WhiteElo "2107"]
[BlackElo "1839"]
[PlyCount "62"]
[EventDate "2021.12.21"]
[EventType "swiss (blitz)"]
[EventRounds "11"]
[EventCountry "USA"]
[SourceTitle "CBM 205 Extra"]
[Source "ChessBase"]
[SourceDate "2022.01.31"]
[SourceVersion "1"]
[SourceVersionDate "2022.01.31"]
[SourceQuality "1"]

1. e4 g6 2. d4 d6 3. Nc3 Bg7 4. Be3 a6 5. Qd2 b5 6. f3 Bb7 7. 0-0-0 Nd7 8. Kb1 Ngf6 9. Nce2 Nb6 10. Nc1 Nfd7 11. g4 c5 12. dxc5 dxc5 13. h4 h6 14. Nh3 Qc7 15. Nb3 Na4 16. c3 c4 17. Nd4 b4 18. cxb4 c3 19. Qc2 Nxb2 20. Rc1 Rc8 21. Nf4 e5 22. Nxg6 exd4 23. Bf4 Qb6 24. Nxh8 Qxb4 25. Ka1 Bxh8 26. g5 Nc5 27. Bd6 d3 28. Bxc5 Rxc5 29. Bxd3 Nxd3 30. Rcd1 Qb2+ 31. Qxb2 cxb2+ 0-1

[Event "Titled Tuesday intern op 21st Dec"]
[Site "Chess.com INT"]
[Date "2021.12.21"]
[Round "1"]
[White "Mkrtchian, Lilit"]
[Black "Altucher, James"]
[Result "1-0"]
[WhiteElo "2378"]
[BlackElo "1839"]
[PlyCount "55"]
[EventDate "2021.12.21"]
[EventType "swiss (blitz)"]
[EventRounds "11"]
[EventCountry "USA"]
[SourceTitle "CBM 205 Extra"]
[Source "ChessBase"]
[SourceDate "2022.01.31"]
[SourceVersion "1"]
[SourceVersionDate "2022.01.31"]
[SourceQuality "1"]

1. e4 g6 2. d4 Bg7 3. Nc3 d6 4. Be3 a6 5. Qd2 b5 6. h4 h6 7. Bd3 Nd7 8. a4 b4 9. Nce2 c5 10. c3 bxc3 11. bxc3 Bb7 12. Nf3 Qc7 13. 0-0 Ngf6 14. Ng3 Ng4 15. Rab1 Nxe3 16. Qxe3 0-0 17. Rfe1 Rab8 18. h5 g5 19. Nf5 Nf6 20. Nxg5 e6 21. Nxg7 Kxg7 22. e5 Ng8 23. Ne4 dxe5 24. Qg3+ Kh8 25. dxe5 f5 26. exf6 Qxg3 27. Nxg3 Rxf6 28. Bxa6 1-0

[Event "Titled Tuesday intern op 07th Dec"]
[Site "Chess.com INT"]
[Date "2021.12.07"]
[Round "9"]
[White "Altucher, James"]
[Black "Zaichenko, Daria"]
[Result "0-1"]
[WhiteElo "1839"]
[BlackElo "2104"]
[PlyCount "98"]
[EventDate "2021.12.07"]
[EventType "swiss (blitz)"]
[EventRounds "11"]
[EventCountry "USA"]
[SourceTitle "CBM 205 Extra"]
[Source "ChessBase"]
[SourceDate "2022.01.31"]
[SourceVersion "1"]
[SourceVersionDate "2022.01.31"]
[SourceQuality "1"]

1. d4 d5 2. Nf3 Nf6 3. e3 Bf5 4. Bd3 Bxd3 5. Qxd3 e6 6. b3 Qd7 7. Bb2 Be7 8. Nbd2 0-0 9. 0-0 c5 10. e4 cxd4 11. e5 Ne4 12. Nxe4 dxe4 13. Qxe4 Qc6 14. Qxc6 Nxc6 15. Nxd4 Nb4 16. a3 Nd5 17. c4 Nf4 18. g3 Nd3 19. Bc3 Nxe5 20. Kg2 Bf6 21. Nf3 Nxf3 22. Bxf6 Nd2 23. Rfd1 Nxb3 24. Rab1 gxf6 25. Rxb3 b6 26. Rd7 Rfd8 27. Rb7 Rdb8 28. Rd7 Rd8 29. Rb7 Rd4 30. Rc3 Rc8 31. Rxa7 Rdxc4 32. Rb3 R8c6 33. Rb7 Rc3 34. R7xb6 Rxb3 35. Rxb3 Rc4 36. Kf3 Kf8 37. h4 h5 38. Ke3 Ke8 39. Kd3 Ra4 40. Kc3 f5 41. Kb2 Ke7 42. Rb4 Rxb4+ 43. axb4 Kd6 44. Kc3 Kd5 45. Kd3 e5 46. f3 e4+ 47. fxe4+ fxe4+ 48. Ke3 f5 49. g4 fxg4 0-1

[Event "Titled Tuesday intern op 07th Dec"]
[Site "Chess.com INT"]
[Date "2021.12.07"]
[Round "7"]
[White "Iljushina, Olga"]
[Black "Altucher, James"]
[Result "1-0"]
[WhiteElo "2054"]
[BlackElo "1839"]
[PlyCount "73"]
[EventDate "2021.12.07"]
[EventType "swiss (blitz)"]
[EventRounds "11"]
[EventCountry "USA"]
[SourceTitle "CBM 205 Extra"]
[Source "ChessBase"]
[SourceDate "2022.01.31"]
[SourceVersion "1"]
[SourceVersionDate "2022.01.31"]
[SourceQuality "1"]

1. e4 g6 2. d4 d6 3. Nc3 Bg7 4. Be3 a6 5. Qd2 b5 6. h4 h5 7. f3 Bb7 8. Bd3 Nd7 9. Nge2 c5 10. dxc5 Nxc5 11. 0-0-0 Qc7 12. Bd4 Nf6 13. Kb1 0-0 14. g4 b4 15. Nd5 Bxd5 16. exd5 Nxd5 17. Bxg7 Kxg7 18. gxh5 Na4 19. hxg6 Nac3+ 20. Ka1 Qa5 21. bxc3 bxc3 22. Qg5 f6 23. Qc1 Rab8 24. h5 Rb2 25. h6+ Kg8 26. h7+ Kh8 27. g7+ Kxg7 28. Qh6+ Kf7 29. Qg6+ Ke6 30. Qf5+ Kf7 31. Qh5+ Kg7 32. Rhg1+ Kh8 33. Rg8+ Rxg8 34. hxg8Q+ Kxg8 35. Rg1+ Kf8 36. Qh8+ Kf7 37. Qg8# 1-0

[Event "Titled Tuesday intern op 07th Dec"]
[Site "Chess.com INT"]
[Date "2021.12.07"]
[Round "4"]
[White "Kostiukov, Alexandr"]
[Black "Altucher, James"]
[Result "1-0"]
[WhiteElo "2271"]
[BlackElo "1839"]
[PlyCount "79"]
[EventDate "2021.12.07"]
[EventType "swiss (blitz)"]
[EventRounds "11"]
[EventCountry "USA"]
[SourceTitle "CBM 205 Extra"]
[Source "ChessBase"]
[SourceDate "2022.01.31"]
[SourceVersion "1"]
[SourceVersionDate "2022.01.31"]
[SourceQuality "1"]

1. g3 g6 2. Bg2 Bg7 3. Nf3 d6 4. 0-0 Nf6 5. c4 0-0 6. d4 Nc6 7. Nc3 e5 8. d5 Nb8 9. c5 Na6 10. cxd6 cxd6 11. h3 Nc5 12. b4 Na6 13. a3 e4 14. Nd4 Re8 15. g4 Nc7 16. Bg5 h6 17. Bh4 g5 18. Bg3 Nfxd5 19. Nxd5 Nxd5 20. Nf5 Bxf5 21. Qxd5 Be6 22. Qxb7 Bxa1 23. Rxa1 d5 24. Qc6 Rc8 25. Qa4 Qf6 26. Rd1 Red8 27. e3 Rc4 28. Qxa7 Rdc8 29. Kh2 Rc2 30. b5 Rb2 31. b6 Rcc2 32. b7 Rxf2 33. b8Q+ Kg7 34. Bxf2 Qxf2 35. Qg3 Qe2 36. Qe5+ Kg6 37. Qg3 Kg7 38. Qd4+ Kg6 39. Rg1 f5 40. Qge5 1-0

[Event "Titled Tuesday intern op 30th Nov"]
[Site "Chess.com INT"]
[Date "2021.11.30"]
[Round "5"]
[White "Altucher, James"]
[Black "Rodchenkov, Sergey D"]
[Result "0-1"]
[WhiteElo "1775"]
[BlackElo "2346"]
[PlyCount "86"]
[EventDate "2021.11.30"]
[EventType "swiss (blitz)"]
[EventRounds "11"]
[EventCountry "USA"]
[SourceTitle "CBM 205 Extra"]
[Source "ChessBase"]
[SourceDate "2022.01.31"]
[SourceVersion "1"]
[SourceVersionDate "2022.01.31"]
[SourceQuality "1"]

1. d4 d5 2. Nf3 Nf6 3. e3 c5 4. Bd3 e6 5. b3 Bd6 6. Bb2 Nbd7 7. Nbd2 Qc7 8. 0-0 0-0 9. Qe2 Re8 10. c4 e5 11. dxe5 Nxe5 12. Nxe5 Bxe5 13. Bxe5 Qxe5 14. Nf3 Qh5 15. cxd5 Bg4 16. h3 Bxf3 17. Qxf3 Qxf3 18. gxf3 Nxd5 19. Rac1 b6 20. Be4 Rad8 21. Rfd1 Nf6 22. Bc6 Rxd1+ 23. Rxd1 Rc8 24. Bb5 g5 25. Rd6 Kg7 26. Kg2 h6 27. Ba6 Re8 28. Bb5 Ra8 29. Bc6 Rb8 30. Bb5 Rb7 31. Ba6 Rc7 32. Rd8 Nd7 33. Bb5 Ne5 34. Kg3 c4 35. bxc4 Nxc4 36. Rd4 Ne5 37. f4 Ng6 38. f5 Ne7 39. e4 Nc6 40. Rd6 Ne5 41. f4 gxf4+ 42. Kxf4 f6 43. Ba4 Rc3 0-1

[Event "Titled Tuesday intern op 30th Nov"]
[Site "Chess.com INT"]
[Date "2021.11.30"]
[Round "1"]
[White "Guz, Ari"]
[Black "Altucher, James"]
[Result "1-0"]
[WhiteElo "2308"]
[BlackElo "1775"]
[PlyCount "57"]
[EventDate "2021.11.30"]
[EventType "swiss (blitz)"]
[EventRounds "11"]
[EventCountry "USA"]
[SourceTitle "CBM 205 Extra"]
[Source "ChessBase"]
[SourceDate "2022.01.31"]
[SourceVersion "1"]
[SourceVersionDate "2022.01.31"]
[SourceQuality "1"]

1. b3 Nf6 2. Bb2 d6 3. g3 e5 4. Bg2 g6 5. c4 Bg7 6. Nc3 0-0 7. Nf3 c5 8. 0-0 Nc6 9. e3 Bg4 10. h3 Bf5 11. d4 cxd4 12. exd4 Ne4 13. dxe5 Nxc3 14. Bxc3 dxe5 15. Re1 Qc7 16. Qc1 Nd4 17. Qb2 Nxf3+ 18. Bxf3 Bxh3 19. Bxe5 Bxe5 20. Qxe5 Qxe5 21. Rxe5 Rad8 22. Bxb7 Rd2 23. Bd5 Kg7 24. Re7 a5 25. c5 Kf6 26. Rae1 Rxa2 27. c6 Rc2 28. Bc4 Be6 29. Bxe6 1-0

[Event "Titled Tuesday intern op 02nd Nov"]
[Site "Chess.com INT"]
[Date "2021.11.02"]
[Round "5"]
[White "Altucher, James"]
[Black "Karavaeva, Olga"]
[Result "1-0"]
[WhiteElo "1775"]
[BlackElo "2260"]
[PlyCount "61"]
[EventDate "2021.11.02"]
[EventType "swiss (blitz)"]
[EventRounds "11"]
[EventCountry "USA"]
[SourceTitle "CBM 205 Extra"]
[Source "ChessBase"]
[SourceDate "2022.01.31"]
[SourceVersion "1"]
[SourceVersionDate "2022.01.31"]
[SourceQuality "1"]

1. e4 c5 2. Nf3 e6 3. d3 b6 4. g3 Bb7 5. Bg2 d5 6. Nbd2 Nf6 7. e5 Nfd7 8. 0-0 Nc6 9. Re1 Qc7 10. c4 dxc4 11. Nxc4 0-0-0 12. Bf4 Nb4 13. a3 Nd5 14. Ng5 Nxf4 15. gxf4 Bxg2 16. Kxg2 Nb8 17. Qf3 h6 18. Ne4 Qc6 19. Ned6+ Bxd6 20. Nxd6+ Rxd6 21. exd6 Qxd6 22. f5 e5 23. b4 Rd8 24. bxc5 bxc5 25. Rac1 Rd7 26. Qe3 Rc7 27. Qxe5 Qxd3 28. Rcd1 Qc4 29. Qe8+ Kb7 30. Rb1+ Ka8 31. Qxb8# 1-0

[Event "Titled Tuesday intern op 02nd Nov"]
[Site "Chess.com INT"]
[Date "2021.11.02"]
[Round "6"]
[White "Sagripanti, Michele"]
[Black "Altucher, James"]
[Result "1-0"]
[WhiteElo "2213"]
[BlackElo "1775"]
[PlyCount "93"]
[EventDate "2021.11.02"]
[EventType "swiss (blitz)"]
[EventRounds "11"]
[EventCountry "USA"]
[SourceTitle "CBM 205 Extra"]
[Source "ChessBase"]
[SourceDate "2022.01.31"]
[SourceVersion "1"]
[SourceVersionDate "2022.01.31"]
[SourceQuality "1"]

1. e4 g6 2. d4 Bg7 3. Nf3 d6 4. Nc3 a6 5. a4 Nf6 6. Bg5 h6 7. Bh4 g5 8. Bg3 Nh5 9. Bc4 Nxg3 10. hxg3 Bg4 11. Qd3 Nc6 12. Ne2 e5 13. dxe5 Bxf3 14. gxf3 Nxe5 15. Qb3 Nxc4 16. Qxc4 0-0 17. c3 b5 18. Qd3 Qd7 19. g4 Rfe8 20. Kf1 bxa4 21. Ng3 Rab8 22. Nf5 Qb5 23. c4 Qxb2 24. Rxa4 Qb1+ 25. Qxb1 Rxb1+ 26. Kg2 Rxh1 27. Kxh1 Ra8 28. Ne7+ Kf8 29. Nd5 Ra7 30. Nb4 Bd4 31. Nc6 Bxf2 32. Nxa7 Bxa7 33. Rxa6 Bb6 34. Kg2 Ke7 35. Ra8 Kf6 36. Kf1 Ke5 37. Rh8 Be3 38. Rxh6 Kd4 39. Rh7 Kxc4 40. Rxf7 Bf4 41. Ke2 c5 42. Rxf4 gxf4 43. g5 Kb3 44. g6 c4 45. g7 c3 46. g8Q+ Kb2 47. Qb8+ 1-0